|
|
|
|
| LEADER |
00000nam0a2200000 4500 |
| 001 |
317976 |
| 005 |
20231102003029.0 |
| 020 |
|
|
|a RU
|b 83-10204
|
| 035 |
|
|
|a (RuTPU)RU\TPU\book\343457
|
| 090 |
|
|
|a 317976
|
| 100 |
|
|
|a 20160418d1982 km y0rusy5003 ca
|
| 101 |
0 |
|
|a rus
|
| 102 |
|
|
|a RU
|
| 105 |
|
|
|a a z 001zy
|
| 200 |
1 |
|
|a Проектирование открытой и подводной разработки месторождений
|e межвузовский сборник
|f Ленинградский горный институт им. Г. В. Плеханова (ЛГИ) ; под ред. А. И. Арсентьева
|
| 210 |
|
|
|a Ленинград
|c Издво ЛГИ
|d 1982
|
| 215 |
|
|
|a 132 с.
|c ил.
|
| 320 |
|
|
|a Библиогр. в конце ст.
|
| 606 |
1 |
|
|a Горные работы открытые
|x Инженерно-геологические исследования
|2 stltpush
|3 (RuTPU)RU\TPU\subj\8233
|9 35699
|
| 610 |
1 |
|
|a угольные месторождения
|
| 610 |
1 |
|
|a полезные ископаемые
|
| 610 |
1 |
|
|a морская добыча
|
| 610 |
1 |
|
|a проектирование
|
| 610 |
1 |
|
|a планирование
|
| 610 |
1 |
|
|a устойчивость
|
| 610 |
1 |
|
|a буровзрывные работы
|
| 675 |
|
|
|a 622.271
|z rus
|v 3
|
| 702 |
|
1 |
|a Арсентьев
|b А. И.
|c русский ученый в области горных наук
|c создатель научной школы по проблемам теории проектирования карьеров
|c самостоятельно занимается живописью и графикой
|f 1918-
|g Александр Иванович
|2 stltpush
|3 (RuTPU)RU\TPU\pers\23263
|4 340
|9 10052
|
| 712 |
0 |
2 |
|a Ленинградский горный институт им. Г. В. Плеханова (ЛГИ)
|c (1924-1991)
|2 stltpush
|3 (RuTPU)RU\TPU\col\1021
|
| 801 |
|
0 |
|a RU
|b RuMRKP
|c 19950704
|g psbo
|
| 801 |
|
1 |
|a RU
|b 63413507
|c 20160418
|
| 801 |
|
2 |
|a RU
|b 63413507
|c 20191203
|g RCR
|
| 942 |
|
|
|c BK
|